Biblioteca y Centro de Documentación

Vista normal Vista MARC

Entrada Término de materia

Número de registros utilizados en: 1

001 - NÚMERO DE CONTROL

  • Campo de control: 31927

003 - IDENTIFICADOR DE NÚMERO DE CONTROL

  • Campo de control: ES-MaCES

005 - FECHA Y HORA DE LA ULTIMA MODIFICACION

  • Campo de control: 20080326103700.0

008 - ELEMENTOS DE DATOS DE LONGITUD FIJA

  • Campo de longitud fija: 080326 | azznnbabn |n ana d

035 ## - NÚMERO DE CONTROL DEL SISTEMA

  • Número de control del sistema: CES20080000167s

040 ## - FUENTE DE LA CATALOGACIÓN

  • Agencia original de catalogación: ES-MaCES
  • Idioma de catalogación: spa
  • Agencia de transcripción: ES-MaCES

150 ## - ENCABEZAMIENTO--MATERIA

  • Término de materia o geográfico como elemento de entrada: FEADER

670 ## - FUENTE DE DATOS ENCONTRADOS

  • Fuente de citación: CD del CES: Fondo Europeo Agrario de Desarrollo Rural, en "Desarrollo rural sostenible en la Unión Europea, el nuevo FEADER 2007-2013"

901 ## - CES. DATOS SIRTEX

  • ID Sirtex (N5N8): 0007700008200
  • 005BIS Sirtex: 200803261035ALORITE
© CES, Consejo Económico y Social de España 2021